000 004330000a22001810004500
999 _c48729
_d48729
001 1569
003 CO-MdFUSB
005 20171025165618.0
008 171025b xxu||||| |||| 00| 0 eng d
020 _a958-04-4391-2
040 _cCO-MdBIC
082 0 4 _a863N Sa59o
100 1 _aSanta Ana, Antonio
245 1 0 _aLos ojos del perro siberiano / Antonio Santa Ana
260 _aBogotá : Norma
300 _a134 P.
942 _cLGB